| 000 | 01052cam a2200289 i 4500 | ||
|---|---|---|---|
| 001 | 17553 | ||
| 003 | BD-RjUL | ||
| 005 | 20211209000147.0 | ||
| 008 | 160829s1975 fr b 000 0 eng | ||
| 020 | _a9231012401 | ||
| 035 | _a(BD-RjUL) | ||
| 040 |
_aDLC _cDLC _dDLC _beng |
||
| 041 | _aeng | ||
| 082 | 0 | 0 |
_a025.0091724 _223 _bFIF 1975 |
| 110 |
_aFID/DC working Group _9152989 |
||
| 245 | 0 | 0 |
_aFunction and organization of a national documentation centre in a developing country / _cby a FID/DC working group under the direction of Harald Schütz. |
| 260 |
_aParis : _bUnesco Press, _c1975. |
||
| 300 |
_a218 p. ; _c22 cm. |
||
| 504 | _aBibliography: p. 217-218. | ||
| 650 | 0 |
_aInformation services _zDeveloping countries. _9127043 |
|
| 650 | 0 |
_aInformation policy. _9152991 |
|
| 700 | 1 |
_aSchütz, Harald, _cDr. _9152992 |
|
| 830 |
_aDocumentation, libraries, and archives. Studies and research ; _v7 _9153677 |
||
| 942 |
_2ddc _cBK |
||
| 999 |
_c17553 _d17553 |
||